[Event "El Golaa op 1st"]
[Site "Douz Kebeli "]
[Date "2017.01.17"]
[Round "1"]
[White "Douissa, Oussama"]
[Black "Yagoubi, Hassen"]
[Result "1-0"]
[WhiteElo "2250"]
[BlackElo "1715"]
[PlyCount "85"]
[EventDate "2017.01.17"]
[EventType "swiss"]
[EventRounds "9"]
[EventCountry "TUN"]
[SourceTitle "EXT 2018"]
[Source "ChessBase"]
[SourceDate "2017.10.13"]
[SourceVersion "1"]
[SourceVersionDate "2017.10.13"]
[SourceQuality "1"]

1. e4 c5 2. Nf3 e6 3. d4 cxd4 4. Nxd4 Nc6 5. Nc3 Qc7 6. g3 a6 7. Bg2 Nf6 8. 0-0 Nxd4 9. Qxd4 Bc5 10. Bf4 d6 11. Qd3 e5 12. Be3 Be6 13. Bxc5 Qxc5 14. Rfd1 Rd8 15. Rd2 Bc4 16. Qf3 0-0 17. Qe3 Qxe3 18. fxe3 b5 19. b4 Rd7 20. a4 Rfd8 21. axb5 axb5 22. Ra6 Ne8 23. Rb6 Ra7 24. Nxb5 Bxb5 25. Rxb5 Kf8 26. Rxe5 Rb8 27. Ra5 Rxa5 28. bxa5 Rb1+ 29. Bf1 Ke7 30. Rd4 Ra1 31. a6 Nc7 32. Rb4 Kd7 33. Rb6 g5 34. Kf2 h5 35. Bc4 f6 36. h4 Ra5 37. Rb8 gxh4 38. gxh4 Kc6 39. Rf8 Nxa6 40. Ra8 Kb6 41. Rxa6+ Rxa6 42. Bxa6 Kxa6 43. Kf3 1-0